00601 2200217 4500001002100000005001700021008004100038035002400079082001000103090001700113100001900130245008000149260004600229300001900275650002000294700001900314850001500333980001400348985000600362999001500368YOGYA-0209000002625120090227024035.0 ind  0010-020900000026251 a304.2 a304.2bNad P aNADEAK, Bilven aPeristiwa darurat dan lingkungan manusiacoleh Bilven Nadeak, Wilson Nadeak aBandungbIndonesia Publishing Housec1986 a146 hlmc20 cm aEkologi manusia aNadeak, Wilson aYOPDYOG(B) a15-1-2006 a1 a06A0014453